Library Banner

The new development paradigm : Papers on institutions, NGOs, (Record no. 14766)

MARC details
000 -LEADER
fixed length control field 00423nam a2200169Ia 4500
001 - CONTROL NUMBER
control field 14150
008 - FIXED-LENGTH DATA ELEMENTS--GENERAL INFORMATION
fixed length control field 140402s9999 xx 000 0 und d
020 ## - INTERNATIONAL STANDARD BOOK NUMBER
International Standard Book Number 0-19-579041-3
040 ## - CATALOGING SOURCE
Transcribing agency PK-LaUMT
082 ## - DEWEY DECIMAL CLASSIFICATION NUMBER
Classification number 320.95491
Item number ZAI-N
100 ## - MAIN ENTRY--PERSONAL NAME
Personal name Zaidi, S. Akbar
245 ## - TITLE STATEMENT
Title The new development paradigm : Papers on institutions, NGOs,
Statement of responsibility, etc Zaidi, S. Akbar
260 ## - PUBLICATION, DISTRIBUTION, ETC. (IMPRINT)
Date of publication, distribution, etc 1999
300 ## - PHYSICAL DESCRIPTION
Extent 321 p.
546 ## - LANGUAGE NOTE
Language note EN
942 ## - ADDED ENTRY ELEMENTS (KOHA)
Koha item type Books
Holdings
Withdrawn status Lost status Damaged status Not for loan Home library Current library Date acquired Total Checkouts Full call number Barcode Date last seen Date checked out Price effective from Koha item type
        UMT Main Campus UMT Main Campus 2014-04-02 1 320.95491 ZAI-N 15851 2017-03-01 2017-01-16 2014-04-21 Books